Представление документа в формате MARC21

ПолеНазваниеЗначение
  Тип записи a
  Библиографический уровень m
001 Контрольный номер RU\infra-m\znanium\bibl\2224376
005 Дата корректировки 20260429142237.4
008 Кодируемые данные 251031s2025 RU g rus u
020 Индекс ISBN __
a ISBN 978-5-16-018130-1
020 Индекс ISBN __
a ISBN 978-5-16-106138-1 (электр. издание)
040 Источник каталогиз. __
a Служба первич. каталог. Общество с ограниченной ответственностью «ЗНАНИУМ»
041 Код языка издания __
a Код языка текста rus
044 Код страны публикации __
a Код страны публикации RU
080 Индекс УДК __
a Индекс УДК 69.05(075.4)
084 Индекс другой классификации/Индекс ББК __
2 Источник индекса rubbk
a Индекс другой классификации/Индекс ББК 38.6
084 Индекс другой классификации/Индекс ББК __
2 Источник индекса okso
a Индекс другой классификации/Индекс ББК 08.03.01
100 Автор __
a Автор Лебедев В.М.
q Полное имя Лебедев Владимир Михайлович
u Дополнение Белгородский государственный технологический университет им. В.Г. Шухова
245 Заглавие __
a Заглавие Системокванты технологических процессов в поточном строительстве объектов и комплексов
b Продолж. заглавия Монография
c Ответственность Белгородский государственный технологический университет им. В.Г. Шухова
250 Сведения об издании __
a Основные сведения об издании 1
260 Выходные данные __
a Место издания Москва
b Издательство ООО "Научно-издательский центр ИНФРА-М"
c Дата издания 2026
300 Физическое описание __
a Объем 203 с.
440 Серия __
a Серия Научная мысль
520 Аннотация __
a Аннотация В монографии содержится аналитический обзор теории и практики поточного строительства системы сетевого планирования и управления и их синтез. Рассмотрены основы системотехники информационные технологии и функциональные системы строительного производства. Приведены примеры проектирования системоквантов строительных процессов и объектов. Книга рассчитана на научных и инженерных работников а также студентов и аспирантов строительных специальностей может быть использована в качестве учебного пособия. Монография публикуется в авторской редакции.
521 Примеч. о цел. назн. __
a Примеч. о целев. назн. Дополнительное профессиональное образование
650 Тематические рубрики __
a Основная рубрика Строительство
x Основная подрубрика Специальные строительные работы
655 Указ. предметных рубрик (устаревшее) __
a Жанр/ форма (устаревшее) Монография
856 Электронный адрес документа 4_
a Имя сервера/домена znanium.ru
m Помощь ebs_support@infra-m.ru
n Местонахождение сервера НИЦ ИНФРА-М
u URL https://znanium.ru/catalog/document?id=471987
856 Электронный адрес документа 48
a Имя сервера/домена znanium.ru
d Путь /cover/2224
f Электронное имя 2224376.jpg
q Тип электронного формата image/jpeg
u URL https://znanium.ru/cover/2224/2224376.jpg
911 __
u 0030=https://znanium.ru/catalog/document?id=471987